000 00796nab a2200241 u 4500
001 19627
003 HDC
007 cr bn ---aaaaa
008 210302c |r|noo 0 a d
040 _aHDC
245 0 _aHALAL BEAUTY TRADE GROWING RAPIDLY IN THE UAE
260 _a[No place] :
_b[publisher not identified],
_c2016
336 _atext
_2rdacontent
337 _acomputer
_2rdamedia
338 _aonline resource
_2rdacarrier
650 _aCosmetic product
_95346
650 _aHalal beauty industry
_918002
710 _aARABIANBUSINESS.COM
856 _zRequest full-text at [email protected]
942 _2lcc
942 _cNEWS
942 _kNWSO 009783
999 _c16943
_d16943